000 00392nam a2200157Ia 4500
008 230917s9999||||xx |||||||||||||| ||und||
020 _cRS9
040 _e13695
_aMAIN
041 _aEnglish
082 _a512.5 G959L
100 _aGupta, K P
245 0 _aLinear algebra: For post-graduate students
260 _aMeerut
_bPragati Prakashan
_c1970
300 _aviii, 204 p.
942 _cBK
999 _c130132
_d130132